000 nam a22 a 4500
999 _c2439
_d2439
003 AKMAL
005 20170516123828.0
008 170516s2007 my ao e 000 0 may d
020 _a9789834370008 (kkt.) :
_cRM25.00
039 9 _a201104251622
_bzuraidahs
_c200909011232
_djalil
_c200908140925
_darni
_c200902051550
_dsuzilawati
040 _aAKMAL
_cAKMAL
049 _aklpmal
082 0 4 _a580.09595 HAN
_222
090 0 0 _a580.09595
_bHAN
090 2 0 _a580.09595
_bHAN
100 0 _aHanita Hassan,
_d1971-
_95052
245 1 0 _aTaman Botanikal Melaka :
_bdunia hijau damai & ilmu /
_cHanita Hassan
260 _aAyer Keroh, Melaka :
_bPerbadanan Hang Tuah Jaya,
_c2007
300 _aviii, 63ms. :
_bil. wrn., gf. ;
_c24cm.
500 _aJuga diterbitkan dlam bahasa Inggeris
650 1 0 _aBotanical gardens
_zMelaka
_95053
651 0 _aTaman Botanikal (Melaka)
_95054
942 _2ddc
_cBOOK